000 00400nam a2200169Ia 4500
003 LK-CoDNM
008 010623t1895 xxu||||| |||| 00| 1 eng d
040 _aLK-CoDNM
_dLK-CoDNM
_eLK-CoDNM
041 _aeng
080 _a50
_bB 10
100 _aPinto,P.M.Liboa
245 _aAlcoholic Drinks
260 _bTimes of Ceylon
_aColombo
_c1895
300 _b65P., 15 cm
650 _aDrugs
942 _cBK
999 _c84030
_d84030